Estudio a nivel de perfil del proyecto urbanización praderas de Oriente en el municipio de Jinotepe
La investigación aborda la urbanización Praderas de Oriente nace de la iniciativa de un grupo de empresarios Nicaragüenses que ven la necesidad de desarrollar el sector de la vivienda para familias trabajadoras de menores ingresos en los departamentos de Nicaragua, concretamente en Carazo, en el...
| Main Author: | |
|---|---|
| Other Authors: | |
| Format: | Tesis Section = Libro |
| Language: | Undetermined Spanish |
| Published: |
Managua
UNI
2014
|
| Subjects: |
| LEADER | 01168nam a2200277Ia 4500 | ||
|---|---|---|---|
| 008 | 240830s9999 xx 000 0 und d | ||
| 040 | |a BIBLIOTECA-RUPAP T.Mon 363.5 C149 | ||
| 041 | |a spa | ||
| 082 | |a T.Mon 363.5 C149 | ||
| 100 | 1 | |a Calero Carballo, Jader José | |
| 245 | 1 | 0 | |a Estudio a nivel de perfil del proyecto urbanización praderas de Oriente en el municipio de Jinotepe |
| 260 | |a Managua |b UNI |c 2014 | ||
| 300 | |a 147 p. :il. | ||
| 500 | |a Contiene: anexos. | ||
| 502 | |a Tesis (Ingeniero Civil)- UNI, 2014. | ||
| 520 | 3 | |a La investigación aborda la urbanización Praderas de Oriente nace de la iniciativa de un grupo de empresarios Nicaragüenses que ven la necesidad de desarrollar el sector de la vivienda para familias trabajadoras de menores ingresos en los departamentos de Nicaragua, concretamente en Carazo, en el municipio de Jinotepe. | |
| 650 | 7 | |a VIVIENDAS | |
| 650 | 7 | |b CONSTRUCCIONES DE VIVIENDAS-PROYECTOS | |
| 650 | 7 | |c POLITCA URBANA | |
| 650 | 7 | |d URBANISMO | |
| 650 | 7 | |e ESTUDIO DE MERCADO | |
| 650 | 7 | |f ESTUDIO FINANCIERO | |
| 700 | 1 | |a Tutor: |b Acevedo Ampie, Guillermo José | |
| 942 | |c BK |2 ddc | ||
| 991 | |a TESIS | ||
| 999 | |c 18091 | ||